Polskie miasta z cząstką "miast" w nazwie - Statystyki

Ogólne statystyki
  • Ten quiz został rozwiązany 102 razy
  • Średni wynik to 5 z 8
Statystyki odpowiedzi
Województwo Populacja Miasto % Poprawnych
Mazowieckie 1 520 Nowe Miasto
98%
Pomorskie 9 455 Miastko
82%
Warmińsko-mazurskie 10 175 Nowe Miasto Lubawskie
80%
Mazowieckie 3 523 Nowe Miasto nad Pilicą
70%
Śląskie 6 948 Miasteczko Śląskie
65%
Warmińsko-mazurskie 9 320 Dobre Miasto
56%
Wielkopolskie 1 079 Miasteczko Krajeńskie
41%
Lubuskie 2 643 Nowe Miasteczko
39%
Nie znaleziono quizów pasujących do podanych kryteriów
Rozkład punktacji
Procent ludzi z każdym wynikiem
Percentyl według liczby udzielonych odpowiedzi
Twoja historia wyników
Nie rozwiązałeś tego quizu